A classified bibliography on on-line public access catalogues

Αποθηκεύτηκε σε:
Λεπτομέρειες βιβλιογραφικής εγγραφής
Κύριος συγγραφέας: Ευθυμιάδης, Ευθύμης Νικόλαος
Άλλοι συγγραφείς: Neilson, Colin
Μορφή: Βιβλίο
Γλώσσα:English
Δημοσίευση: The British Library, c1989
Έκδοση:2nd ed.
Σειρά:British Library information guide ; ; 10
Θέματα:
Ετικέτες: Προσθήκη ετικέτας
Δεν υπάρχουν, Καταχωρήστε ετικέτα πρώτοι!

MARC

LEADER 00000cam a2200000 i 4500
001 1/89690
008 990914s1989 eng d
020 |a 0-7123-3193-X 
035 |l 10052855 
040 |a GR-MY-UA  |b gre  |e aacr 
041 0 |a eng 
082 0 |a 016.0253132 
100 1 |a Ευθυμιάδης, Ευθύμης Νικόλαος. 
245 1 2 |a A classified bibliography on on-line public access catalogues /  |c Efthimis Nikolaos Efthimiadis, Colin Neilson 
250 |a 2nd ed. 
260 |b The British Library,   |c c1989 
300 |a xix, 143 σ.;  |c 21 εκ. 
490 1 |a British Library information guide  |v ; 10 
504 |a Περιέχει ευρετήριο 
650 0 0 |a Online library catalogs  |x Bibliography. 
650 0 0 |a Library catalogs and readers  |x Bibliography. 
650 0 0 |a Libraries  |x Automation  |x Bibliography. 
700 1 |a Neilson, Colin. 
830 0 |a British Library information guide ;  |v ; 10 
852 |a INST  |b LESVOS  |e 19990914  |h 016.0253132 ΕΥΘ  |p 005100019442  |q 005100019442  |t REF  |y 23 
901 |a BIBL1-1999-3 
909 |a Λ  |b 066080 
922 |a 1ΕΛΗ  |b 199906  |c ΚΠΣ/ΚΥΒ  |d Leader 
950 |a 023-1998-09-14 
970 |a Μουστάκα  |b Πηνελόπη  |z 1999/09/24